000
00307nam a22001217a 4500
008
170712b xxu||||| |||| 00| 0 eng d
041
_a
eng
080
_a
82
100
_a
21
101
_a
FJA
245
_a
A COMPLETE CONCORDANCE OF TO THE OLD AND NEW TESTATEMENT OF APOCRYPHA
_c
CRUDEN, A
942
_2
udc
_c
BK
999
_c
20334
_d
20334